|
|
|
|
| LEADER |
01295nam a2200313 i 4500 |
| 001 |
10087236 |
| 003 |
upatras |
| 005 |
20240116063250.0 |
| 008 |
100930s1975 gr gre d |
| 952 |
|
|
|0 0
|1 0
|2 ddc
|4 0
|6 330_122000000000000_01_DEL
|7 0
|9 330208
|a LISP
|b LISP
|c DON
|d 2021-11-08
|e ΓΑΛ
|i 142081
|l 0
|o 330.122 01 DEL
|p 025000267505
|r 2021-11-08 00:00:00
|t 1
|v 2021.00
|w 2021-11-08
|y BKN
|
| 999 |
|
|
|c 184788
|d 184788
|
| 020 |
|
|
|a 2707300675
|
| 040 |
|
|
|a GR-PaULI
|c GR-PaULI
|b gre
|e AACR2
|
| 041 |
0 |
|
|a fre
|
| 082 |
0 |
4 |
|2 23
|a 330.122 01
|
| 100 |
1 |
|
|a Deleuze, Gilles,
|d 1925-1995
|e συγγραφέας.
|9 8218
|
| 245 |
|
|
|a Capitalism et schizophrenie /
|c Gilles Deleuze, Felix Guattari.
|
| 260 |
|
|
|a Paris :
|b Les editions de minuit,
|c 1975.
|
| 300 |
|
|
|a 2 τ.;
|c 24 εκ.
|
| 490 |
|
|
|a Collection critique / Les editions de minuit
|
| 500 |
|
|
|a T. 1. - 494 σ. -1975.
|
| 505 |
|
|
|a T. 1. L' Oedipe -- τ. 2. Mille Plateaux.
|
| 650 |
|
4 |
|a Κεφαλαιοκρατία
|9 188413
|x Φιλοσοφία
|
| 650 |
|
4 |
|a Σχιζοφρένεια
|9 8372
|
| 700 |
1 |
|
|a Guattari, Felix
|d 1930-1992
|e συγγραφέας
|9 10803
|
| 760 |
0 |
|
|a Προβλήματα του καιρού μας
|
| 830 |
|
0 |
|9 188411
|a Collection critique / Les editions de minuit
|
| 942 |
|
|
|2 ddc
|c BKN
|
| 998 |
|
|
|c ΣΑΤΛΑΝΗΣ
|d 2021-11
|